[Event "BL 2223 (Women)"]
[Site "Germany"]
[Date "2023.04.29"]
[Round "9.5"]
[White "Genova, Liubka"]
[Black "Waechter, Nathalie"]
[Result "1-0"]
[WhiteElo "2212"]
[BlackElo "1998"]
[PlyCount "81"]
[EventDate "2022.10.15"]
[EventType "team-tourn"]
[EventRounds "11"]
[EventCountry "GER"]
[SourceTitle "EXT 2024"]
[Source "ChessBase"]
[SourceDate "2023.10.10"]
[SourceVersion "1"]
[SourceVersionDate "2023.10.10"]
[SourceQuality "1"]
[WhiteTeam "Hamburger SK (W)"]
[BlackTeam "Harksheide (W)"]
[WhiteTeamCountry "GER"]
[BlackTeamCountry "GER"]

1. e4 d5 2. exd5 Qxd5 3. Nc3 Qd6 4. d4 Nf6 5. Bc4 c6 6. Nge2 Bf5 7. Bf4 Qb4 8. Bb3 e6 9. 0-0 Nbd7 10. Ng3 Bg6 11. Re1 Be7 12. Bc7 Bd8 13. a3 Qe7 14. Bxd8 Qxd8 15. f4 0-0 16. Qf3 Rc8 17. Rad1 Qa5 18. Re2 Rfd8 19. h3 h6 20. Kh2 Qc7 21. Red2 Nb6 22. Nce4 Nfd5 23. Ne2 Nd7 24. c4 Bxe4 25. Qxe4 N7f6 26. Qf3 Ne7 27. Kh1 a5 28. Nc3 Ng6 29. g3 Qb6 30. Na4 Qc7 31. Bc2 Ne7 32. Nc3 Qb8 33. g4 g6 34. f5 exf5 35. gxf5 Qd6 36. c5 Qd7 37. fxg6 Ned5 38. gxf7+ Qxf7 39. Rg2+ Kf8 40. Rf1 Rc7 41. Bg6 1-0

[Event "BL 1819 (Women)"]
[Site "Germany"]
[Date "2019.02.10"]
[Round "8.5"]
[White "Waechter, Nathalie"]
[Black "Heyme, Sibylle"]
[Result "0-1"]
[WhiteElo "1990"]
[BlackElo "2029"]
[PlyCount "70"]
[EventDate "2018.10.27"]
[EventType "team-tourn"]
[EventRounds "11"]
[EventCountry "GER"]
[SourceTitle "CBM 189 Extra"]
[Source "ChessBase"]
[SourceDate "2019.06.03"]
[SourceVersion "1"]
[SourceVersionDate "2019.06.03"]
[SourceQuality "1"]
[WhiteTeam "Harksheide (W)"]
[BlackTeam "Pankow Rotation (W)"]
[WhiteTeamCountry "GER"]
[BlackTeamCountry "GER"]

1. d4 Nf6 2. c4 g6 3. Nc3 Bg7 4. e4 d6 5. g3 0-0 6. Bg2 Nbd7 7. Nge2 e5 8. d5 Nh5 9. 0-0 f5 10. f4 exf4 11. Nxf4 Nxf4 12. Bxf4 Ne5 13. Qb3 Rb8 14. Nb5 Bd7 15. Nxa7 Ng4 16. Rad1 g5 17. Bc1 fxe4 18. Bxe4 Rxf1+ 19. Kxf1 Qf6+ 20. Bf3 Nxh2+ 21. Kg2 Qh6 22. Bxg5 Qh3+ 23. Kf2 Rf8 24. Bf4 Bd4+ 25. Rxd4 Qf1+ 26. Ke3 Qxf3+ 27. Kd2 Qf2+ 28. Kc3 Nf3 29. Rd3 Ne1 30. Be3 Qf3 31. Kd2 Nxd3 32. Qxd3 Qxg3 33. Qd4 Rf3 34. Qe4 Qg2+ 35. Kd3 Bf5 0-1

[Event "Oberliga Ost-A 1819"]
[Site "Germany"]
[Date "2019.02.02"]
[Round "6.7"]
[White "Dietze, Frank Heinz"]
[Black "Waechter, Nathalie"]
[Result "1/2-1/2"]
[WhiteElo "2105"]
[BlackElo "1990"]
[PlyCount "61"]
[EventDate "2018.10.21"]
[EventType "team-tourn"]
[EventRounds "11"]
[EventCountry "GER"]
[SourceTitle "EXT 2020"]
[Source "ChessBase"]
[SourceDate "2019.10.17"]
[SourceVersion "1"]
[SourceVersionDate "2019.10.17"]
[SourceQuality "1"]
[WhiteTeam "Leipzig SG II"]
[BlackTeam "Magdeburg Rochade"]
[WhiteTeamCountry "GER"]
[BlackTeamCountry "GER"]

1. d4 d5 2. c4 e6 3. Nf3 Nf6 4. g3 Be7 5. Bg2 0-0 6. 0-0 dxc4 7. Qc2 a6 8. a4 Bd7 9. Qxc4 Bc6 10. Bf4 Nd5 11. Bd2 Nd7 12. Nc3 N7b6 13. Qb3 a5 14. Nb5 Nb4 15. Rfc1 Bd5 16. Qd1 c6 17. Na3 Bxf3 18. Bxf3 Qxd4 19. Be3 Qxd1+ 20. Rxd1 N6d5 21. Bd2 Bf6 22. Rab1 Rfd8 23. Nc4 Be7 24. e4 Nf6 25. Nb6 Ra6 26. Be3 c5 27. Nc4 b6 28. Rxd8+ Bxd8 29. Rd1 Ra8 30. Bf4 Kf8 31. Be5 1/2-1/2

[Event "GER-ch U18 Girls"]
[Site "Willingen"]
[Date "2018.05.22"]
[Round "4"]
[White "Waechter, Nathalie"]
[Black "Arnhold, Steffi"]
[Result "1-0"]
[WhiteElo "1989"]
[BlackElo "1880"]
[PlyCount "123"]
[EventDate "2018.05.19"]
[EventType "swiss"]
[EventRounds "9"]
[EventCountry "GER"]
[SourceTitle "CBM 184 Extra"]
[Source "ChessBase"]
[SourceDate "2018.06.28"]
[SourceVersion "1"]
[SourceVersionDate "2018.06.28"]
[SourceQuality "1"]

1. d4 Nf6 2. c4 e6 3. Nc3 Bb4 4. Qc2 0-0 5. Nf3 d5 6. Bg5 c5 7. a3 Bxc3+ 8. bxc3 cxd4 9. cxd4 Qa5+ 10. Bd2 Qc7 11. e3 b6 12. Rc1 Ba6 13. cxd5 Qxc2 14. Rxc2 exd5 15. Bxa6 Nxa6 16. Ke2 Rac8 17. Rhc1 Rxc2 18. Rxc2 Ne4 19. Ne5 f6 20. Nd3 Rd8 21. Nb4 Nxb4 22. Bxb4 Rd7 23. Rc6 Kf7 24. h4 g6 25. g4 g5 26. f3 Ng3+ 27. Kf2 gxh4 28. Bd6 h5 29. Bxg3 hxg3+ 30. Kxg3 hxg4 31. Kxg4 Kg6 32. Kf4 b5 33. Rc5 Rb7 34. Rxd5 a5 35. Rc5 b4 36. axb4 axb4 37. Rc2 Kf7 38. d5 Ke7 39. e4 b3 40. Rb2 Kd6 41. Kf5 Ke7 42. f4 Rb5 43. e5 Rxd5 44. Rxb3 fxe5 45. fxe5 Rd7 46. Rh3 Kf8 47. Ke6 Ra7 48. Rh8+ Kg7 49. Rd8 Kg6 50. Rg8+ Kh7 51. Rg3 Ra1 52. Kf6 Rf1+ 53. Ke7 Re1 54. e6 Rd1 55. Kf7 Rf1+ 56. Ke8 Re1 57. e7 Rd1 58. Rg4 Rd2 59. Kf7 Rf2+ 60. Ke6 Re2+ 61. Kf6 Rf2+ 62. Ke5 1-0

[Event "Sachsen-Anhalt Verbandsliga 2017/18"]
[Site "Sachsen Anhalt"]
[Date "2018.02.25"]
[Round "6.4"]
[White "Reichert, Thomas"]
[Black "Waechter, Nathalie"]
[Result "0-1"]
[WhiteElo "1908"]
[BlackElo "1941"]
[PlyCount "98"]
[EventDate "2017.12.22"]
[EventType "team-tourn"]
[EventRounds "9"]
[EventCountry "GER"]
[SourceTitle "EXT 2020"]
[Source "ChessBase"]
[SourceDate "2019.10.17"]
[SourceVersion "1"]
[SourceVersionDate "2019.10.17"]
[SourceQuality "1"]
[WhiteTeam "Magdeburg USC"]
[BlackTeam "Magdeburg Rochade"]
[WhiteTeamCountry "GER"]
[BlackTeamCountry "GER"]

1. d4 d5 2. c4 e6 3. Nf3 Nf6 4. Nc3 c6 5. e3 Bd6 6. Qc2 0-0 7. Bd3 Nbd7 8. b3 Re8 9. Bb2 dxc4 10. Bxc4 e5 11. dxe5 Nxe5 12. Nxe5 Bxe5 13. Ne2 Qa5+ 14. Bc3 Bxc3+ 15. Qxc3 Qg5 16. Ng3 Ng4 17. e4 Qh4 18. Be2 Nf6 19. 0-0 Nxe4 20. Nxe4 Qxe4 21. Bf3 Qg6 22. Qb4 Rb8 23. Rad1 Bf5 24. Qa5 a6 25. Qc7 h6 26. Rfe1 Be6 27. Re3 Qc2 28. Qa5 Qf5 29. Qd2 Qf6 30. Rd3 Qe7 31. g3 Qf6 32. Bg2 Bg4 33. f3 Bf5 34. Rd6 Qe5 35. Kf2 Qc5+ 36. Qd4 Qc2+ 37. Qd2 Qc5+ 38. Qd4 Qa5 39. Qd2 Qb6+ 40. Qd4 Qb5 41. Bf1 Qa5 42. Qd2 Qc7 43. Qd4 Qe7 44. Qd2 Be6 45. Bc4 Bxc4 46. bxc4 Qe5 47. Qd3 Qc5+ 48. Qd4 Qh5 49. Kg2 Re2+ 0-1

[Event "Wch U18 Girls"]
[Site "Montevideo"]
[Date "2017.09.22"]
[Round "7"]
[White "Argote Heredia, Valentina"]
[Black "Waechter, Nathalie"]
[Result "1-0"]
[WhiteElo "1944"]
[BlackElo "1984"]
[PlyCount "107"]
[EventDate "2017.09.17"]
[EventType "swiss"]
[EventRounds "11"]
[EventCountry "URU"]
[SourceTitle "CBM 180 Extra"]
[Source "ChessBase"]
[SourceDate "2017.10.06"]
[SourceVersion "1"]
[SourceVersionDate "2017.10.06"]
[SourceQuality "1"]

1. e4 d5 2. exd5 Qxd5 3. c4 Qd6 4. d4 Nf6 5. Be2 c6 6. Nc3 Bf5 7. Nf3 Nbd7 8. Bg5 h6 9. Bh4 e6 10. Bg3 Qb4 11. Qd2 Ne4 12. Nxe4 Bxe4 13. 0-0 Nf6 14. a3 Qxd2 15. Nxd2 Bh7 16. Bf3 0-0-0 17. Be5 Nd7 18. Bf4 Nb6 19. Be3 g5 20. a4 Kc7 21. a5 Nc8 22. Rac1 f5 23. g3 Bg7 24. Nb3 b6 25. a6 Ne7 26. Rfe1 Bf6 27. Bd2 Bg8 28. Bb4 Rc8 29. d5 c5 30. Bc3 Bxc3 31. Rxc3 Kd6 32. dxe6 Ng6 33. Rd3+ Ke7 34. Rd7+ Kf6 35. Bd5 Ne5 36. Rxa7 Bxe6 37. f4 gxf4 38. gxf4 Nf3+ 39. Bxf3 Bxc4 40. Rb7 Rhg8+ 41. Kf2 b5 42. Rb6+ Kf7 43. Bh5+ Kf8 44. Nd2 Bd5 45. Nf3 Be4 46. Rd1 Rg7 47. Rxh6 Kg8 48. Ng5 c4 49. Bg6 Ra7 50. Nxe4 fxe4 51. Bxe4 Rcc7 52. Rd8+ Kg7 53. Rh7+ Kf6 54. Rd6# 1-0

[Event "Wch U18 Girls"]
[Site "Montevideo"]
[Date "2017.09.22"]
[Round "6"]
[White "Waechter, Nathalie"]
[Black "Du Plessis, Anika"]
[Result "1-0"]
[WhiteElo "1984"]
[BlackElo "1484"]
[PlyCount "91"]
[EventDate "2017.09.17"]
[EventType "swiss"]
[EventRounds "11"]
[EventCountry "URU"]
[SourceTitle "CBM 180 Extra"]
[Source "ChessBase"]
[SourceDate "2017.10.06"]
[SourceVersion "1"]
[SourceVersionDate "2017.10.06"]
[SourceQuality "1"]

1. d4 d5 2. c4 Nc6 3. Nc3 Nf6 4. cxd5 Nxd5 5. e4 Nxc3 6. bxc3 e5 7. d5 Nb8 8. Nf3 Bd6 9. Be2 0-0 10. 0-0 c6 11. Qb3 Qc7 12. Bc4 Kh8 13. Ba3 f6 14. Rfd1 Bg4 15. dxc6 Bxa3 16. cxb7 Nd7 17. bxa8Q Rxa8 18. Qxa3 Qxc4 19. Qb4 Qc8 20. Rab1 Nb6 21. Qe7 h6 22. Rbc1 Kh7 23. c4 Qc6 24. h3 Bh5 25. c5 Nc8 26. Qd7 Qxe4 27. Qd5 Bxf3 28. gxf3 Qxd5 29. Rxd5 Ne7 30. Rd7 Nc6 31. Rc7 Nd4 32. Kg2 a5 33. Rb7 Rc8 34. c6 Rxc6 35. Rxc6 Nxc6 36. Rb5 a4 37. Rb6 Nd4 38. Ra6 Kg6 39. Rxa4 Kf5 40. Ra7 g6 41. Rb7 Kg5 42. Rb4 Kf5 43. a4 Ke6 44. Rb6+ Ke7 45. a5 Ne6 46. Rxe6+ 1-0

[Event "GER-ch U18 Girls"]
[Site "Willingen"]
[Date "2017.06.07"]
[Round "6"]
[White "Weis, Olga"]
[Black "Waechter, Nathalie"]
[Result "1/2-1/2"]
[WhiteElo "1869"]
[BlackElo "1991"]
[PlyCount "85"]
[EventDate "2017.06.04"]
[EventType "swiss"]
[EventRounds "9"]
[EventCountry "GER"]
[SourceTitle "CBM 178 Extra"]
[Source "ChessBase"]
[SourceDate "2017.06.22"]
[SourceVersion "1"]
[SourceVersionDate "2017.06.22"]
[SourceQuality "1"]

1. d4 Nf6 2. c4 e6 3. Nc3 d5 4. cxd5 exd5 5. Bg5 Be7 6. e3 c6 7. Bd3 Nbd7 8. Qc2 0-0 9. Nge2 Re8 10. h3 Nf8 11. g4 Ne4 12. Bxe7 Qxe7 13. Bxe4 dxe4 14. Ng3 Be6 15. Ngxe4 f5 16. gxf5 Bxf5 17. f3 Ng6 18. 0-0-0 Nh4 19. Rdf1 Nxf3 20. Rxf3 Bxe4 21. Nxe4 Qxe4 22. Qg2 Qd5 23. Rg1 Re7 24. Kb1 Rae8 25. Qf2 Rf7 26. Rf1 Qe4+ 27. Ka1 Rxf3 28. Qxf3 Qe7 29. e4 h6 30. Qb3+ Kh8 31. Re1 Qh4 32. Qe3 Rd8 33. Rd1 Qh5 34. Rf1 Qh4 35. a3 Qe7 36. e5 Qe6 37. Rf4 c5 38. h4 cxd4 39. Rxd4 Rf8 40. Qe2 Rc8 41. Rd1 a6 42. Qe4 b5 43. Kb1 1/2-1/2

[Event "BL 1617 (Women)"]
[Site "Germany"]
[Date "2017.01.21"]
[Round "3.3"]
[White "Waechter, Nathalie"]
[Black "Movsesian, Julia"]
[Result "0-1"]
[WhiteElo "2042"]
[BlackElo "2322"]
[PlyCount "80"]
[EventDate "2016.10.22"]
[EventType "team-tourn"]
[EventRounds "11"]
[EventCountry "GER"]
[SourceTitle "EXT 2018"]
[Source "ChessBase"]
[SourceDate "2017.10.13"]
[SourceVersion "1"]
[SourceVersionDate "2017.10.13"]
[SourceQuality "1"]
[WhiteTeam "Harksheide (W)"]
[BlackTeam "Rodewisch (W)"]
[WhiteTeamCountry "GER"]
[BlackTeamCountry "GER"]

1. d4 d5 2. c4 e6 3. Nc3 Be7 4. Nf3 Nf6 5. Bg5 h6 6. Bh4 0-0 7. e3 c6 8. Qc2 Nbd7 9. cxd5 exd5 10. Bd3 Re8 11. 0-0 Ne4 12. Bxe7 Qxe7 13. Rab1 Ng5 14. Nxg5 hxg5 15. b4 a6 16. a4 Qd6 17. Rfd1 Nf6 18. b5 axb5 19. axb5 Ng4 20. g3 Qh6 21. f3 Nxe3 22. Re1 Bd7 23. Qf2 Nf5 24. Rxe8+ Rxe8 25. bxc6 bxc6 26. Rb7 Qd6 27. Bxf5 Bxf5 28. Qd2 Qe6 29. Kf2 g4 30. fxg4 Bxg4 31. Qf4 Qg6 32. Rb8 Qc2+ 33. Kg1 Bc8 34. Rxc8 Rxc8 35. Qe3 Ra8 36. Ne2 Qd1+ 37. Kg2 Ra1 38. Kh3 Qf1+ 39. Kg4 Re1 40. Qe8+ Kh7 0-1

[Event "GER-chT U20 Girls"]
[Site "Borken"]
[Date "2016.12.28"]
[Round "3.1"]
[White "Waechter, Nathalie"]
[Black "Simon, Tessa"]
[Result "0-1"]
[WhiteElo "2000"]
[BlackElo "1867"]
[PlyCount "106"]
[EventDate "2016.12.27"]
[EventType "team-swiss"]
[EventRounds "7"]
[EventCountry "GER"]
[SourceTitle "EXT 2018"]
[Source "ChessBase"]
[SourceDate "2017.10.13"]
[SourceVersion "1"]
[SourceVersionDate "2017.10.13"]
[SourceQuality "1"]
[WhiteTeam "Norderstedt Harksheide"]
[BlackTeam "Muldental Wilkau Hasslau"]
[WhiteTeamCountry "GER"]
[BlackTeamCountry "GER"]

1. d4 d5 2. c4 c6 3. cxd5 cxd5 4. Bf4 Nf6 5. e3 Nc6 6. Nc3 a6 7. Bd3 e6 8. Nf3 Bd6 9. Bxd6 Qxd6 10. 0-0 0-0 11. Rc1 e5 12. dxe5 Nxe5 13. Nxe5 Qxe5 14. Re1 Bg4 15. Qb3 d4 16. exd4 Qxd4 17. Ne4 b5 18. Qc2 h6 19. h3 Be6 20. Nxf6+ Qxf6 21. Bh7+ Kh8 22. Be4 Rac8 23. Qb1 Qg5 24. Kh1 Qf4 25. Kg1 Rfd8 26. b3 Rd2 27. Rxc8+ Bxc8 28. Bf3 Bf5 29. Qc1 Qd4 30. Rf1 Rxa2 31. Qc6 Be6 32. Qa8+ Kh7 33. Be4+ g6 34. Bb1 Rb2 35. Qxa6 Bxb3 36. Qxb5 Bc4 37. Qe8 Qf6 38. Qe1 Bxf1 39. Qxf1 Kg7 40. Qe1 Qd4 41. g3 Rd2 42. Kg2 Rd1 43. Qe4 Qa1 44. Bc2 Re1 45. Qd5 Re5 46. Qb7 Qc3 47. Bd1 Ra5 48. Bb3 Qf6 49. Bc4 Rf5 50. f3 Rc5 51. Be2 Qe5 52. Qe4 Qb2 53. g4 Re5 0-1

[Event "EU-ch U16 Girls 26th"]
[Site "Prague"]
[Date "2016.08.24"]
[Round "6"]
[White "Scarpa, Silvia"]
[Black "Waechter, Nathalie"]
[Result "1/2-1/2"]
[WhiteElo "1848"]
[BlackElo "1993"]
[PlyCount "96"]
[EventDate "2016.08.18"]
[EventType "swiss"]
[EventRounds "9"]
[EventCountry "CZE"]
[SourceTitle "CBM 174 Extra"]
[Source "ChessBase"]
[SourceDate "2016.10.10"]
[SourceVersion "1"]
[SourceVersionDate "2016.10.10"]
[SourceQuality "1"]

1. e4 e6 2. d4 d5 3. e5 c5 4. c3 a6 5. Nf3 Nc6 6. Be2 Nh6 7. 0-0 Nf5 8. dxc5 Bxc5 9. b4 Be7 10. a3 Qc7 11. Re1 0-0 12. Bd3 f6 13. Bxf5 exf5 14. Qxd5+ Kh8 15. Bf4 fxe5 16. Nxe5 Nxe5 17. Qxe5 Qxe5 18. Bxe5 Bg5 19. f4 Bh4 20. g3 Bd8 21. c4 Bd7 22. Nd2 Rc8 23. Rac1 Kg8 24. Nb3 Bc6 25. Nd4 Be4 26. Ne6 Re8 27. Nxd8 Rexd8 28. Re2 Rd3 29. Bb2 Rcd8 30. Rce1 Kf7 31. c5 g6 32. Bc1 Ke6 33. Re3 Rxe3 34. Bxe3 Rd3 35. Bc1 Kd5 36. Kf2 Rf3+ 37. Kg1 Rc3 38. Rd1+ Kc4 39. Bb2 Rc2 40. Rc1 Kb3 41. Rxc2 Kxc2 42. Be5 Kb3 43. Kf2 Kxa3 44. Bc3 Kb3 45. Be1 Kc4 46. Ke3 Bg2 47. Kf2 Bh3 48. Ke3 Bg2 1/2-1/2

[Event "EU-ch U16 Girls 26th"]
[Site "Prague"]
[Date "2016.08.22"]
[Round "5"]
[White "Antolak, Julia"]
[Black "Waechter, Nathalie"]
[Result "1-0"]
[WhiteElo "2103"]
[BlackElo "1993"]
[PlyCount "123"]
[EventDate "2016.08.18"]
[EventType "swiss"]
[EventRounds "9"]
[EventCountry "CZE"]
[SourceTitle "CBM 174 Extra"]
[Source "ChessBase"]
[SourceDate "2016.10.10"]
[SourceVersion "1"]
[SourceVersionDate "2016.10.10"]
[SourceQuality "1"]

1. e4 e6 2. d4 d5 3. Nd2 c5 4. exd5 exd5 5. Ngf3 Nf6 6. Bb5+ Bd7 7. Bxd7+ Nbxd7 8. 0-0 Be7 9. dxc5 Nxc5 10. Nb3 Nce4 11. Nbd4 Qc8 12. c3 0-0 13. Bf4 Bd6 14. Bxd6 Nxd6 15. Qc2 Nfe4 16. Rad1 Nc4 17. Ne2 Qc6 18. Ng3 Rad8 19. Rd4 Rfe8 20. Rfd1 Nxg3 21. hxg3 Qb5 22. b3 Nb6 23. c4 Qa6 24. Ng5 g6 25. Rh4 dxc4 26. Nxh7 Nd5 27. bxc4 Nf6 28. Nxf6+ Qxf6 29. Rf4 Rxd1+ 30. Qxd1 Rd8 31. Qf3 Qa1+ 32. Kh2 Rd1 33. g4 Rh1+ 34. Kg3 Rc1 35. Qxb7 Qc3+ 36. Qf3 Qe5 37. Qa8+ Kg7 38. Qe4 Qc7 39. g5 Qa5 40. Rxf7+ Kxf7 41. Qf4+ Kg8 42. Qxc1 Qxa2 43. c5 Qb3+ 44. Kf4 Qb8+ 45. Ke4 Qe8+ 46. Kd4 Qd7+ 47. Ke3 Qe6+ 48. Kf3 Qc6+ 49. Kg3 a5 50. Qc4+ Kf8 51. Kf4 a4 52. Qb4 Ke7 53. Ke3 Kd7 54. f4 Qa6 55. Qa3 Kc7 56. Kd4 Qa8 57. Qe3 Qd8+ 58. Kc3 Qd1 59. Qe5+ Kc8 60. Qe6+ Kb7 61. Qb6+ Kc8 62. Qc6+ 1-0

[Event "EU-ch U16 Girls 26th"]
[Site "Prague"]
[Date "2016.08.18"]
[Round "1"]
[White "Waechter, Nathalie"]
[Black "Urbanc, Ana"]
[Result "1-0"]
[WhiteElo "1993"]
[BlackElo "1681"]
[PlyCount "51"]
[EventDate "2016.08.18"]
[EventType "swiss"]
[EventRounds "9"]
[EventCountry "CZE"]
[SourceTitle "CBM 174 Extra"]
[Source "ChessBase"]
[SourceDate "2016.10.10"]
[SourceVersion "1"]
[SourceVersionDate "2016.10.10"]
[SourceQuality "1"]

1. d4 d5 2. c4 dxc4 3. e4 e6 4. a3 Nf6 5. Nc3 Nbd7 6. Bxc4 Nb6 7. Be2 c5 8. Be3 cxd4 9. Bxd4 Be7 10. Nf3 0-0 11. 0-0 Nbd7 12. Rc1 b6 13. Bb5 Bb7 14. Bxf6 Nxf6 15. Qe2 Qb8 16. Nd4 Rc8 17. Rfd1 Qe5 18. Nf3 Qf4 19. Bd3 Rd8 20. h3 Rac8 21. Rc2 Nxe4 22. Bxe4 Rxd1+ 23. Qxd1 Bxe4 24. Nxe4 Rxc2 25. Qxc2 Qb8 26. Nd4 1-0